[Event "EuroTel Trophy"]
[Site "Prague"]
[Date "1999.07.12"]
[Round "2"]
[White "Polgar, Judit"]
[Black "Shirov, Alexei"]
[Result "0-1"]
[WhiteElo "2677"]
[BlackElo "2726"]
[Annotator "Finkel,A"]
[PlyCount "70"]
[EventDate "1999.07.11"]
[EventType "match"]
[EventRounds "6"]
[EventCountry "CZE"]
[SourceTitle "CBM 072"]
[Source "ChessBase"]
[SourceDate "1999.10.01"]
[SourceVersion "1"]
[SourceVersionDate "1999.10.01"]
[SourceQuality "1"]

{[%mdl 2080]} 1. e4 {Bangiev. McShane.} e6 2. d4 d5 3. Nc3 Nf6 4. e5 Nfd7 5. f4
c5 6. Nf3 Nc6 7. Be3 cxd4 8. Nxd4 Bc5 9. Qd2 O-O {'!' Bangiev.} 10. O-O-O a6
11. h4 Nxd4 12. Bxd4 b5 13. Rh3 {McShane: 'This looks a little slow. Pushing
on with 13.h5 or 13.g4 may be better.'} b4 14. Ne2 {Bangiev: 'Ein neuer Zug in
dieser Stellung. Der weiße Plan ist allerdings nicht neu. Die Überführung des
Springer nach d4 ist für Weiß in der französischen Verteidigung eine
Herausforderung.'} (14. Na4 Bxd4 15. Qxd4 Qa5 (15... f6 16. Qxb4 $5 fxe5 17.
Qd6 Qf6 18. f5 $5 Qh6+ 19. Kb1 Rxf5 20. Rf3 $1 $36 {Kasparov,G-Short,N/
Amsterdam VSB 1994}) (15... a5 16. b3 $6 {'!?' Bangiev.} (16. Bb5 Rb8 (16...
Ba6 $2 17. Bxd7) 17. Bd3 (17. Bxd7 Bxd7 18. Nc5 Bb5 19. f5 Qc7 $16 {/\Rfc8})
17... Qc7 (17... f6 $5) 18. Re1 {'!?' Bangiev. Bangiev: '/\f5'} (18. h5 Bb7 19.
g4 Rfc8 20. Rh2 Qc6 21. b3 Ba6 $132 {Fogarasi,T-Luther,T/Kecskemet 1993}) 18...
Qc6 19. b3 Ba6 20. Bxa6 Qxa6 21. Rg3 (21. f5 exf5 22. Qxd5 Nb6 $13) 21... Rbc8
(21... Qc6 22. f5) 22. f5 Qc6 (22... exf5 $2 23. e6) 23. Re2 $14 {Arakhamia,
K-Matveeva,S/Kishinev izt-W 1995} (23. Re2 {Bangiev} Kh8 $132 {1-0 Arakhamia,
K-Matveeva,S/Kishinev 1995/(61)})) 16... Ba6 17. Kb1 Bxf1 18. Rxf1 Qc7 19. h5
Ra6 20. Re3 Rc6 21. Rf2 f6 {Bangiev: '0-1 Kulish,I-Matveeva,S/Rostov 1995/(39)'
} 22. Ree2 h6 $15 {Kulish,I-Matveeva,S/Rostov on Don-W 1995}) 16. b3 Bb7 17.
Rg3 $5 (17. c3 Rfc8 18. Kb2 (18. Kb1 bxc3 19. Rxc3 Rxc3 20. Qxc3 Qxc3 21. Nxc3
Rc8 22. Kb2 $14 {Herrera,I-Ramas,L/CUB-ch 1993}) 18... bxc3+ 19. Rxc3 Rxc3 20.
Qxc3 Qxc3+ 21. Nxc3 Kf8 22. a4 Ke7 23. a5 $14 {Nijboer,F-Luther,T/Leeuwarden
op 1992}) 17... Rfc8 18. Rd2 Bc6 19. f5 Qc7 20. f6 g6 21. Qf4 $5 $40 {
Arakhamia,K-Gurevich,M/Helsinki op 1992}) (14. Na4 {(McShane) may be better,
as Shirov's attack came very fast. The problem is that the knight is prone to
being attacked by a black bishop.}) 14... a5 15. Qe3 (15. Bxc5 {Bangiev} Nxc5
16. Nd4 Ba6 17. Bxa6 Rxa6 18. Qe3 a4 $36) 15... Qc7 16. Bxc5 Nxc5 17. Nd4 a4 (
17... Ba6 {Bangiev} 18. Bxa6 Rxa6 19. h5 (19. f5 $6 Ne4) 19... a4 20. h6 g6 21.
Kb1) 18. Kb1 $6 {Serious inaccuracy passing the initiative into black's hands.
It was nessasary to prevent black from playing 18...a3.The only way to do it
was to play 18.a3!:} (18. a3 $1 Nb3+ (18... b3) (18... bxa3 19. Qxa3 Qb6 (19...
Ba6 20. Rc3 Rfc8 21. Bxa6 Rxa6 22. Nb5 Qb6 23. Nd6 Rc7 24. Kb1 $14) 20. h5 Ba6
21. Bxa6 Rxa6 22. h6 g6 23. g4 Ne4 24. Rf3 $13) 19. Kb1 $1 (19. Nxb3 axb3 20.
Qxb3 bxa3 21. bxa3 Ba6 22. Qc3 Qb6 $36) 19... Nxd4 20. Qxd4 bxa3 21. Rxa3 Bd7
22. h5 h6 23. g4 $14) (18. h5 {Bangiev} b3 $1) 18... a3 $1 {[%csl Rc3] McShane:
'Shirov's attack is already creating concrete threats and Polgar's attack is
barely off the ground.'} (18... b3 $2 {Bangiev} 19. cxb3 axb3 20. Nxb3) 19. b3
Ba6 {'!' McShane. McShane: 'The black bishop has no better role than to
exchange off its counterpart.' '!' Bangiev.} 20. Bxa6 (20. Bd3) 20... Rxa6 $15
21. Qe1 (21. h5 {Bangiev} Ne4 22. Rd3 Rc8 $40) 21... Rb6 $1 {'|^' Bangiev.
Bangiev: 'Der weiße Eröffnungsplan ist gescheitert. Der Nachziehende steht
deutlich besser.'} 22. c3 $6 {White tries to deprive black the control over
the square c3,but opens the king,which proves to be crucial. McShane:
'Otherwise Black will play Ne4, threatening Nc3+ and, if need be, break with
f6!' '?' Bangiev.} (22. g4 Ne4 23. Rdd3 Rc8 (23... f6 24. exf6 Rxf6 25. Ne2 Qc5
26. Rhe3 $13) 24. h5 f6 $1 25. exf6 gxf6 $15) (22. Ka1 {Bangiev} Ne4 23. Rhd3
$15 {Weiß steht schlechter, verfügt aber über recht feste Stellung.}) 22... Qb7
{'!' Bangiev.} 23. Rc1 Ne4 24. cxb4 Rxb4 25. Rd3 {McShane: 'The knight on e4
is White's main problem, as it stops him doubling his rooks on the c-file and
posting his queen on a better square'} (25. Nc2 {Bangiev} Rc4 26. Nxa3 Rxc1+ (
26... Ra4 $5) 27. Qxc1 Rc8 28. Qe1 (28. Nc2 d4 $19 {/\ Nd3, Qa6}) 28... Qa7 29.
Nc2 Qc5 $19) 25... Rc4 $1 $17 {Very strong move revealing white's problems.
'!' McShane. McShane: 'Now Shirov attacks the c-file with his rooks and
Judit's position crumbles.' '!' Bangiev.} 26. Rxc4 {'?!' Bangiev.} (26. g4 Rfc8
27. Rc2 Rxc2 28. Nxc2 Qb5 29. Qe3 Nf2 $1 $17 {[%csl Rd3,Rg4]}) (26. Rdd1 {
McShane} Rfc8 {threatening Nc3+} 27. Ka1 Qb6 $1 {is no better, as the d4
knight must now retreat}) (26. g3 $142 {Bangiev}) 26... dxc4 {[%csl Rb1][%cal
Gb7b1]} 27. Rd1 $6 ({It was possible to put up some rsistance after} 27. Re3 $5
Nc5 28. Qe2 cxb3 29. Nxb3 Qb4 30. g3 Rc8 $17) 27... Nc5 {'-+' Bangiev.} 28. Qc3
Qxg2 {McShane: 'The diagonal opens for the queen.'} 29. b4 (29. Qxc4 {McShane}
Qb2#) 29... Nd3 $19 30. Qxa3 Ra8 {'!' McShane.} 31. Rxd3 cxd3 (31... Rxa3 32.
Rxa3 Qg1+ 33. Kc2 Qf2+ 34. Kb1 Qe1+ 35. Kc2 Qe4+ $19) {McShane: But Shirov's
move wipes out all counterchances...} 32. Qxd3 Qxa2+ 33. Kc1 Qa1+ 34. Kd2 Rd8
35. Ke3 Qe1+ 0-1

[Event "EU-chT (Men) 11th"]
[Site "Pula"]
[Date "1997.05.??"]
[Round "3.4"]
[White "Sutovsky, Emil"]
[Black "Dizdar, Goran"]
[Result "1-0"]
[WhiteElo "2560"]
[BlackElo "2550"]
[Annotator "Finkel,A"]
[PlyCount "75"]
[EventDate "1997.05.05"]
[EventType "team-swiss"]
[EventRounds "9"]
[EventCountry "CRO"]
[SourceTitle "CBM 057 Extra"]
[Source "ChessBase"]
[SourceDate "1997.05.01"]
[SourceVersion "1"]
[SourceVersionDate "1997.05.01"]
[SourceQuality "1"]
[WhiteTeam "Israel"]
[BlackTeam "Croatia"]
[WhiteTeamCountry "ISR"]
[BlackTeamCountry "CRO"]

1. e4 e6 2. d4 d5 3. Nc3 Nf6 4. e5 Nfd7 5. f4 c5 6. Nf3 Nc6 7. Be3 a6 8. Qd2
cxd4 9. Nxd4 Bc5 10. O-O-O O-O 11. h4 Nxd4 (11... Bxd4 12. Bxd4 b5) 12. Bxd4 b5
13. h5 Qb6 (13... b4 $5 14. Na4 (14. Ne2 a5 15. Bxc5 (15. f5 $6 Bxd4 16. Nxd4
Nxe5 17. h6 g6 18. fxg6 fxg6 19. Bb5 Qd6 $17 {Zakic,S-Dizdar,G/JUG-chT Cetinje
1990/0-1 (55)}) 15... Nxc5 16. Qe3 Qc7 (16... Qb6 $5 17. f5 $1 a4 18. Kb1 b3
19. cxb3 axb3 20. a3 exf5 21. Rxd5 Ra5 22. Nf4 h6 $2 (22... Bb7 $1 23. h6 $5
Bxd5 24. Nxd5 f4 $1 25. Qc3 Qg6+ 26. Ka1 Qc2 $1 27. Ne7+ Kh8 28. hxg7+ Kxg7 29.
Rxh7+ Qxh7 30. Qxa5 Qc2 $19) 23. Bd3 Be6 24. Rd6 Qb7 25. Rc1 Rc8 $2 (25... Nxd3
26. Rxd3 Qe4 $13) 26. Qd4 $16 {Smirin,I-Lputian,S/Rostov 1993 (30)}) 17. Kb1 (
17. Nd4 $5 $13) 17... a4 18. Ng3 a3 19. b3 Ba6 20. Rd4 $14 {Rivera,D-Jurkovic,
A/La Coruna op 1993 (30)}) 14... Bxd4 15. Qxd4 Qa5 (15... a5 16. Bb5 $1 {
/\ 16... Ba6 17. Bd7 Qd7 18. Nb6+-} (16. Kb1 Ba6 17. Bd3 (17. Bxa6 $5 Rxa6 18.
g4 Qc7 19. h6 g5 $1 $13) 17... Qc7 18. Rc1 $6 Rfc8 19. Qe3 Qc6 $11 {Michalek,
J-Glek,I/Katowice op 1992 (24)}) 16... Rb8 17. Bd3 Bb7 {/\ Bc6} 18. h6 $2 (18.
f5 $1 exf5 19. h6 g6 $13 {- 18. h6}) 18... g6 19. f5 $5 Bc6 $2 (19... Qg5+ 20.
Kb1 gxf5 21. Bb5 Rfd8 22. g4 $1 fxg4 23. Bxd7 Rxd7 24. Rdg1 $44) (19... exf5
20. Bb5 Ba8 21. Bxd7 Qxd7 22. e6 fxe6 23. Rhe1 Rfe8 $1 $13) (19... gxf5 $1 $17
20. Rh5 f6 $1 21. Bxf5 exf5 22. Rxf5 Nxe5 23. Rxe5 fxe5 24. Qg4+ Kf7 25. Qg7+
Ke8 26. Qxe5+ Kd7 27. Nc5+ Kc6 $19) 20. fxe6 (20. fxg6 $2 hxg6 $17) (20. Nc5
Qb6 $1 $17) 20... Qg5+ (20... fxe6 $2 21. Nc5 $16) 21. Kb1 Qxe5 22. Qxe5 Nxe5
23. Nc5 $14 {Nunn,J-Lputian,S/Manila (ol) 1992 (45)}) 16. b3 Bb7 {/\ Bc6} 17.
f5 (17. Rh3 Bc6 18. Nb2 $13 Qxa2 $6 (18... Rfc8 $1 19. f5 Qc7 $1 20. Qxb4 Nxe5
$10 {Tischbierek,R-Knaak,R/BL 9293/}) 19. f5 a5 20. Rg3 $40) 17... Bc6 18. Rh3
$5 Bxa4 19. Rg3 Kh8 20. bxa4 Qc7 $1 21. Re1 Rac8 22. Bd3 Nc5 $15 {De la Riva,
O-Campos,L/Barcelona UGA 1993 (38)}) (13... Qe7 14. h6 g6 15. Bxc5 Nxc5 16. Bd3
Bb7 $6 (16... Nxd3+ 17. cxd3 $14) (16... b4 17. Ne2 a5 {/\ Ba6}) 17. Ne2 Rfc8
18. Kb1 Rc7 19. Nd4 Rac8 20. g4 Na4 $6 21. Rhe1 $36 {Metz,H-Leander,K/corr
1991 (44)}) 14. g4 (14. h6 $5 g6 15. Be2 Bb7 16. Qe3 Rac8 $11 17. Rd2 Rc7 18.
Kb1 Bxd4 {1/2-1/2 Sobura,H-Rosiak,A/Jachranka POL tt 1987}) 14... Bxd4 15. Qxd4
Qxd4 16. Rxd4 $14 {The endgame is a little bit better for white because his
pieces are more active and he has the possibility to play on both sides.} h6 (
16... f6 $5 17. exf6 Nxf6 18. Bh3 Ra7 19. Kd2 Raf7 20. Re1 $14) 17. a4 $5 {
Starting the actions on the queenside.} bxa4 18. Nxa4 Bb7 (18... a5 19. Rh3 Ba6
20. Bxa6 Rxa6 21. Rc3 $14) 19. Rh3 Bc6 20. Rc3 Bb5 21. Bxb5 $6 ({Deserved
attention} 21. Bg2 $5 {keeping the bishops on the board.}) 21... axb5 22. Nc5
Nb6 $5 (22... Nxc5 23. Rxc5 Rfc8 $5 24. Rxc8+ (24. Rxb5 Ra1+ 25. Kd2 Rg1 26. c4
dxc4 27. Rb4 $11) 24... Rxc8 25. Kd2 Ra8 26. Kc3 $14) 23. b3 Ra1+ 24. Kd2 Rg1
$132 25. f5 Rc8 (25... exf5 $6 26. gxf5 Rf1 27. f6 $1 gxf6 28. exf6 Rxf6 29.
Rb4 $14) 26. Ne4 Rxc3 $6 (26... dxe4 $1 27. Rxc8+ Nxc8 28. Rd8+ Kh7 29. Rxc8
exf5 30. gxf5 Rg5 31. e6 fxe6 32. fxe6 Re5 33. Re8 Rxh5 34. Ke3 Kg6 35. Kxe4
Kf6 $15) 27. Nxc3 $14 Nd7 28. Nxb5 {[%cal Gd4a4,Ga4a8,Ga8a7]} Nxe5 29. Ra4 Rxg4
30. Ra8+ Kh7 31. fxe6 fxe6 32. Nc7 $36 Nf3+ 33. Kd3 Ne5+ 34. Kc3 Rg3+ 35. Kb2
Rh3 36. Nxe6 Rxh5 37. Ra7 {[%csl Rg7]} Kg6 $4 (37... Rf5 38. Rxg7+ Kh8 39. Re7
h5 40. Nd4 Rg5 41. Re8+ Kh7 42. Rd8 $14) 38. Nf4+ 1-0

[Event "Czerniak Memorial 13th"]
[Site "Tel Aviv"]
[Date "1997.??.??"]
[Round "9"]
[White "David, Alberto"]
[Black "Zifroni, Dov"]
[Result "0-1"]
[WhiteElo "2455"]
[BlackElo "2490"]
[Annotator "Finkel,A"]
[PlyCount "71"]
[EventDate "1997.04.04"]
[EventType "tourn"]
[EventRounds "11"]
[EventCountry "ISR"]
[EventCategory "10"]
[SourceTitle "CBM 059"]
[Source "ChessBase"]
[SourceDate "1997.08.01"]
[SourceVersion "1"]
[SourceVersionDate "1997.08.01"]
[SourceQuality "1"]

1. e4 e6 2. d4 d5 3. Nc3 Nf6 4. e5 Nfd7 5. f4 c5 6. Nf3 Nc6 7. Be3 a6 8. Qd2 b5
9. Be2 Be7 $5 {The most popular reply is 9...Qb6,which also gives black good
chances to equalize.} 10. O-O (10. Nd1 $5 Bb7 11. Nf2 Qc7 12. O-O O-O 13. c3 c4
$6 14. g4 f6 15. Nh3 Bd8 16. Rf2 $36 {De Firmian,N-Bruinenberg,C/Antwerpen op
1994 (29)}) 10... O-O 11. Nd1 cxd4 12. Nxd4 Nxd4 13. Bxd4 b4 $5 {Black's plan
is very simple:to exchange whitesquared bishop,which is not espacially good
piece in this type of pawn structure and to develop initiative over semiopen
c-file,while white has to try to attack a black king,whose minor pieces are
alittle bit far away.It's still to early to say whose trumps are stronger,
because the position on the board is very dynamic and complicated.} 14. Kh1 (
14. f5 $5 exf5 (14... f6 15. exf6 Nxf6 16. fxe6 Bxe6 17. Nf2 $14) 15. Ne3 Bg5
16. Rxf5 Nb8 17. Rff1 Nc6 $13) 14... a5 15. Qe3 Ba6 $11 16. Bd3 (16. Bxa6 $5
Rxa6 17. Qd3 Rc6 18. f5 Nc5 $5 19. Bxc5 Rxc5 20. Ne3 $11) 16... Qc7 17. Qh3 h6
(17... Bxd3 $6 18. cxd3 Ra6 19. Ne3 Rc6 20. Rae1 a4 21. f5 $40) 18. Ne3 Bc5 19.
Bxc5 Nxc5 20. Ng4 $6 {Still trying to create an attacking chances,while it was
just a right time to think how to keep the equality.Better was} (20. Bxa6 Rxa6
21. a3 bxa3 22. Rxa3 Rb8 23. Ra2 {with slightly worse,but safe position.})
20... Rfc8 $6 {Giving white one more chance to change the bishops.It was
better to play N:d3 immideatly.} 21. Rae1 $6 (21. Bxa6 $1 $15) 21... Nxd3 22.
cxd3 Qc2 $1 $17 {Winning a pawn while white's attack is not so dangerous.} 23.
Nf2 (23. f5 exf5 24. Rxf5 Bxd3 25. Rf4 Qc1 $1 26. Qg3 Bg6 $17) 23... Qxb2 24.
f5 exf5 25. Qxf5 Rf8 (25... Qxa2 $5 $19) 26. Re3 Bc8 27. Qf4 Ra6 $1 $19 {
Now white is completly deprived of counterplay.} 28. Rg3 Qxa2 29. Nd1 Qc2 30.
Ne3 Qxd3 31. Ng4 Qc4 32. Nf6+ Kh8 33. Qf3 gxf6 34. exf6 Qe4 35. Qf2 Bf5 36. Qd2
0-1

[Event "Ciocaltea Memorial"]
[Site "Bucharest"]
[Date "2000.03.05"]
[Round "2"]
[White "Apicella, Manuel"]
[Black "Miljanic, Boro"]
[Result "1/2-1/2"]
[WhiteElo "2509"]
[BlackElo "2429"]
[Annotator "Finkel,A"]
[PlyCount "85"]
[EventDate "2000.03.13"]
[EventType "tourn"]
[EventRounds "13"]
[EventCountry "ROU"]
[EventCategory "10"]
[SourceTitle "CBM 077"]
[Source "ChessBase"]
[SourceDate "2000.07.27"]
[SourceVersion "1"]
[SourceVersionDate "2000.07.27"]
[SourceQuality "1"]

1. e4 e6 2. d4 d5 3. Nc3 Nf6 4. e5 Nfd7 5. f4 c5 6. Nf3 Nc6 7. Be3 a6 {One of
the most popular lines in this variation of french defense.} 8. Qd2 cxd4 9.
Nxd4 Bc5 10. O-O-O O-O 11. h4 Nxd4 12. Bxd4 b5 13. Bxc5 (13. Rh3 {N} b4 (13...
Bb7 14. g4 (14. Rg3 b4 15. Ne2 a5 16. f5 Kh8 17. Qf4 Ba6 18. Qg4 g6 19. h5 $40
{Luther,T-Knaak,R/BL9495}) (14. Kb1 b4 15. Ne2 $5 a5 16. g4 Ba6 17. Bg2 Bxe2
18. Qxe2 Bxd4 19. Rxd4 Qc7 20. g5 $14 {Lau,R-Knaak,R/BL 1995 (41)}) 14... b4
15. Ne2 a5 16. g5 Ba6 17. h5 Bxe2 18. Bxe2 Qc7 $132 {Brustman,A-Luther,T/MK
Cafe op 1997}) (13... Qb6 14. h5 Bb7 (14... Ra7 $5 15. Rg3 Bxd4 16. Qxd4 Qxd4
17. Rxd4 Nb8 18. Rd2 Nc6 19. Ne2 b4 $132 {Tischbierek,R-Zysk,R/BL 1993 (66)})
15. g4 Bxd4 16. Qxd4 Qxd4 17. Rxd4 h6 $6 (17... g5 $1 18. hxg6 fxg6 19. Bg2 g5
20. f5 exf5 21. e6 Nb6 22. Rh5 h6 $1 $13) 18. Re3 $1 $14 {Christiansen,
L-Dizdar,G/WchT 4th 1997}) 14. Na4 Bxd4 15. Qxd4 a5 $5 (15... f6 16. Qxb4 fxe5
17. Qd6 Qf6 18. f5 $1 Qh6+ 19. Kb1 Rxf5 20. Rf3 $36) 16. b3 Ba6 17. Kb1 Bxf1
18. Rxf1 Qc7 19. h5 Ra6 20. Re3 Rc6 $36 {Kulish,I-Matveeva,S/Rostov on Don-W
1995}) 13... Nxc5 14. Qd4 Qc7 15. a3 $5 {This cautious move seems to be a
novelty,and not such a bad one.} (15. Rh3 Bb7 16. f5 $6 (16. Bd3 Rac8 17. g4
Rfd8 18. Be2 Ne4 19. a3 f6 20. Rf3 Qc5 21. Qxc5 Nxc5 $13 {Kuczynski,R-Polzin,R/
BL9798}) 16... exf5 17. Nxd5 Bxd5 18. Rc3 Bc4 19. Bxc4 Ne4 $1 $17 {Ljubicic,
F-Dizdar,G/Solin 1994}) 15... Bb7 16. Bd3 (16. h5 Rac8 17. g4 Ne4 18. Rh3 Rfd8
19. h6 g6 20. Bg2 $13) 16... Rac8 17. Kb1 Rfd8 18. h5 Ne4 19. Bxe4 $5 ({
Different kind of position would arise after} 19. Ne2 $5 h6 $5 20. g4 Qc5 21.
Bxe4 Qxd4 22. Bh7+ $1 Kxh7 23. Nxd4 $14) 19... dxe4 20. Qe3 Rxd1+ 21. Rxd1 a5
$1 $132 {[%csl Rc2][%cal Gb5b4] Trying to create the counterplay against white
king.} 22. Rd2 b4 23. Nb5 $1 (23. axb4 axb4 24. Nxe4 b3 $1 25. Nc3 bxc2+ 26.
Rxc2 Ra8 $44 {[%csl Gb7]}) 23... Qe7 24. Nd6 Ra8 25. a4 ({Deserved attention} 
25. g3 $5 {[%csl Rh4]}) 25... Bc6 26. g3 {Now this move is less efficient} (26.
h6 $1 $14) 26... Bxa4 27. Qxe4 Qa7 28. b3 Be8 29. Qd4 (29. h6 $6 a4 $1 $36)
29... Qa6 (29... Kf8 30. Qxa7 Rxa7 31. Kb2 Bc6 32. c4 bxc3+ 33. Kxc3 Rc7 $11)
30. Nxe8 {Giving up the idea to win the game!} Rxe8 31. Qd7 Rf8 32. Qe7 {
[%cal Gd2d8]} Qb6 $1 $11 33. Kb2 (33. h6 gxh6 34. Qh4 Qg1+ 35. Kb2 Qc5 36. Qg4+
Kh8 37. Kb1 Rc8 $11) 33... h6 34. g4 Qe3 35. Rd8 Qc3+ 36. Kb1 Qe1+ 37. Ka2 Rxd8
38. Qxd8+ Kh7 39. Qd3+ Kg8 40. Kb2 Qf2 41. Qe4 Qg1 42. f5 Qc5 43. Qa8+ 1/2-1/2

[Event "Mario Covas 2nd"]
[Site "Santos"]
[Date "2002.02.22"]
[Round "3"]
[White "Milos, Gilberto"]
[Black "Leitao, Rafael Duailibe"]
[Result "1/2-1/2"]
[WhiteElo "2580"]
[BlackElo "2571"]
[Annotator "Finkel,A"]
[PlyCount "58"]
[EventDate "2002.02.20"]
[EventType "tourn"]
[EventRounds "9"]
[EventCountry "BRA"]
[EventCategory "9"]
[SourceTitle "CBM 088"]
[Source "ChessBase"]
[SourceDate "2002.03.21"]
[SourceVersion "1"]
[SourceVersionDate "2002.03.21"]
[SourceQuality "1"]

1. e4 e6 2. d4 d5 3. Nc3 Nf6 4. e5 Nfd7 5. f4 c5 6. Nf3 Nc6 7. Be3 cxd4 8. Nxd4
Bc5 9. Qd2 O-O 10. g3 {More ambitoous plan is the one with 0-0-0, but black
still has to be carefull.} (10. Be2 a6 11. O-O Bxd4 (11... Nxd4 12. Bxd4 Qb6
13. Bxc5 Qxc5+ 14. Kh1 b5 15. Bd3 Nb6 16. b3 Bb7 $13 {Rayner,F-Daly,C/Debrecen
1992/EU-chT}) 12. Bxd4 b5 13. a3 Nxd4 14. Qxd4 Qb6 15. Qxb6 Nxb6 16. Bd3 g6 17.
Ne2 Bb7 18. Nd4 Rfc8 19. Kf2 $14 {Kudriavcev,D-Sventek,A/Bratislava 1992/EXT
2001}) (10. Nb3 $4 Bxe3 11. Qxe3 f6 $1 12. exf6 Qxf6 13. O-O-O Qxf4 14. Qxf4
Rxf4 $17 {Palkovi,J-Knaak,R/Stara Zagora 1990/CBM 17}) (10. Bb5 Qc7 11. O-O a6
12. Be2 Nxd4 13. Bxd4 b6 14. Rad1 Nb8 15. Qe3 Bd7 16. Kh1 $14 {Shaposhnikov,
E-Labollita,M/Szeged 1994}) 10... a6 (10... Nxd4 11. Bxd4 b6 12. Bb5 Bb7 13.
Ne2 Bxd4 14. Nxd4 Nc5 15. O-O-O Qc7 16. Kb1 a6 17. Bd3 Ne4 18. Qe3 $14 {
Diaz,J-Alvarez Ibarra,R/Cuba 1993/CBM 35}) 11. Bh3 Nxd4 12. Bxd4 b5 13. O-O Qb6
14. Ne2 b4 $5 {Worse is} (14... f6 $6 15. exf6 Nxf6 16. Qe3 Bxd4 17. Qxd4 Rb8
18. Qxb6 Rxb6 19. Rfe1 $14 {Zwanzger,J-Gamer,T/Oberhof 1999/EXT 2000}) 15. a3
$6 (15. Rfd1 a5 16. Bxc5 Nxc5 17. Nd4 Ba6 18. Qe3 $14) 15... Rb8 16. axb4 Qxb4
17. Qe3 Bxd4 18. Nxd4 Qxb2 19. f5 exf5 (19... Nc5 $2 20. f6 {[%csl Rg8]} gxf6
21. exf6 Ne4 22. Rab1 $1 {[%csl Gd4]} Qxb1 23. Qh6 $1 Nxf6 24. Qg5+ Kh8 25.
Qxf6+ Kg8 26. Rxb1 $18) 20. Nxf5 Qb6 $1 {Giving back a pawn, but exchanging
the queens!} (20... Qxe5 21. Ne7+ Kh8 22. Qxe5 Nxe5 23. Nxc8 Rbxc8 24. Bxc8
Rxc8 25. Rxa6 $16) 21. Ne7+ Kh8 22. Qxb6 Nxb6 {[%csl Gc8]} 23. Nxc8 Nxc8 24. e6
f6 25. Rxa6 Ne7 26. Ra7 Rfe8 27. Rd7 Kg8 28. Ra1 Kf8 {Now it's impossible to
breathrough on the seventh rank!} 29. Raa7 Rb6 1/2-1/2